| 000 | 00673cam a2200169 a 4500 | ||
|---|---|---|---|
| 020 | _a0815513607 | ||
| 040 | _cDLC | ||
| 082 | 0 | 0 | _a338 NOY 1995 A089 Or. |
| 245 | 0 | 0 | _aAdvanced software applications in Japan / |
| 260 |
_aPark Ridge, N.J. : _bNoyes Data Corp., _cc1995. |
||
| 300 |
_axxi, 653 p. : _bill. ; _c27 cm. |
||
| 500 | _aBased on four reports: Knowledge based systems in Japan (1993); Database use and technology in Japan (1993); Machine translation in Japan (1992); Advanced computing in Japan (1900). | ||
| 650 | 0 | _aApplication software | |
| 700 | 1 | _aFeigenbaum, Edward A. | |
| 856 | 4 | 2 | _uhttp://www.loc.gov/catdir/description/wap041/94023430.html |
| 942 | _cEK | ||
| 999 |
_c16403 _d16403 |
||